| 000 | 00631nam a2200145Ia 4500 | ||
|---|---|---|---|
| 008 | 170221s9999 xx 000 0 und d | ||
| 100 | _aAbdullah Waleed Almudallal | ||
| 245 | _aImplementing Knowledge Management in the Palestinian Public Sector Institutions: Empirical Study on the Presidency of the Palestinian Government | ||
| 245 | _cAbdullah Waleed Almudallal, Norhani Bakri, Syaharizatul Noorizwan Muktar, Majed M. El-Farra | ||
| 260 | _bInternational Review of Management and Marketing | ||
| 260 | _c2012 | ||
| 300 | _a7 : 2 | ||
| 650 | _xMarketing. | ||
| 856 | _uhttp://www.econjournals.com/index.php/irmm/issue/view/77 | ||
| 999 |
_c313990 _d313990 |
||